Oral interpretation / (Record no. 7700)
[ view plain ]
| 000 -LEADER | |
|---|---|
| fixed length control field | 00789nam a2200277 i 4500 |
| 001 - CONTROL NUMBER | |
| JCCL Control Number | 7700 |
| 003 - CONTROL NUMBER IDENTIFIER | |
| JCCL marc code | BD-JhCC |
| 005 - DATE AND TIME OF LATEST TRANSACTION | |
| control field | 20181006174907.0 |
| 008 - FIXED-LENGTH DATA ELEMENTS--GENERAL INFORMATION | |
| fixed length control field | 770818s1977 maua b 001 0 eng |
| 020 ## - INTERNATIONAL STANDARD BOOK NUMBER | |
| International Standard Book Number | 0395245478 |
| 035 ## - SYSTEM CONTROL NUMBER | |
| system control number | (BD-JhCC)7700 |
| 040 ## - CATALOGING SOURCE | |
| Original cataloging agency | DLC |
| Transcribing agency | DLC |
| Modifying agency | DLC |
| 041 ## - LANGUAGE CODE | |
| Language code of Book | eng |
| 050 00 - LIBRARY OF CONGRESS CALL NUMBER | |
| Classification number | PN4145 |
| Item number | .L35 1977 |
| 082 00 - DEWEY DECIMAL CLASSIFICATION NUMBER | |
| Classification number | 808.5/4 |
| Author mark and Year | LEE 1977 |
| 100 1# - MAIN ENTRY--PERSONAL NAME | |
| Personal name | Lee, Charlotte I. |
| 245 00 - TITLE STATEMENT | |
| Title | Oral interpretation / |
| Statement of responsibility, etc | Charlotte I. Lee, Frank Galati ; [drawings by Michael Crawford]. |
| 250 ## - EDITION STATEMENT | |
| Edition statement | 3rd ed. |
| 260 ## - PUBLICATION, DISTRIBUTION, ETC. (IMPRINT) | |
| Place of publication, distribution, etc | Boston : |
| Name of publisher, distributor, etc | Houghton Mifflin, |
| Date of publication, distribution, etc | c1977. |
| 300 ## - PHYSICAL DESCRIPTION | |
| Pagination | xviii, 568 p. : |
| Other physical details | ill. ; |
| Dimensions | 25 cm. |
| 504 ## - BIBLIOGRAPHY, ETC. NOTE | |
| Bibliography, etc | Includes bibliographies and index. |
| 650 #0 - SUBJECT ADDED ENTRY--TOPICAL TERM | |
| Topical term or geographic name as entry element | Oral interpretation. |
| 700 1# - ADDED ENTRY--PERSONAL NAME | |
| Personal name | Galati, Frank, |
| 942 ## - ADDED ENTRY ELEMENTS (KOHA) | |
| Source of classification or shelving scheme | Dewey Decimal Classification |
| Koha item type | Books |
| Source of classification or shelving scheme | Damaged status | Not for loan | Home library | Current library | Shelving location | Total Checkouts | Full call number | Barcode | Date last seen | Copy number | Koha item type |
|---|---|---|---|---|---|---|---|---|---|---|---|
| Dewey Decimal Classification | JCC Rouf Library | JCC Rouf Library | General Stacks | 808.5/4 LEE 1977 | 1038 | 02/13/2018 | C -1 | Books |